| 000 | 01272cam a2200229 4500 | ||
|---|---|---|---|
| 001 | 7085 | ||
| 008 | 030428s2002 enka 001 0 eng | ||
| 020 | _a1904151159 | ||
| 082 | 0 | 4 |
_a006.6 _221 |
| 100 |
_aBoyce, Nick _b _c _d _e _q |
||
| 245 | 0 | 0 |
_aWeb graphics for non designers / _cNick Boyce ...[et al.] |
| 260 |
_aBirmingham : _bglasshaus, _c2002 |
||
| 300 |
_avii, 257 p. : _bcol. ill. ; _c23 cm |
||
| 504 | _aInludes index | ||
| 505 |
_aWhat Makes Web Graphics Work -- Using Color -- How to Use Text Effectively -- Typography -- Visual Elements -- Layout -- File Formats and File Sizes -- Graphics Applications -- Vector Graphics for the Web. _g _r _t |
||
| 520 | _a"Have you ever wished that you could make your web pages look eye catching and professional, as well as having great functionality? Well, look no further. In this book we take you through the basics of web design, demonstrating effective use of color on sites, visual elements that work, and successful use of text. Then we go on to show how to put these elements together to make a well designed, brilliantly laid out web page. | ||
| 650 | 0 | _aComputer graphics | |
| 650 | 0 |
_aWeb sites _xDesign |
|
| 700 | 1 | _aBoyce, Nick | |
| 830 | 0 | _aConstructing (Series) | |
| 999 |
_c6012 _d6012 |
||